Návštevníci / (Record no. 21775)
[ view plain ]
| 000 -LEADER | |
|---|---|
| fixed length control field | 01117nam a22003611 4500 |
| 001 - CONTROL NUMBER | |
| control field | 21775 |
| 003 - CONTROL NUMBER IDENTIFIER | |
| control field | CZ PrNK |
| 005 - DATE AND TIME OF LATEST TRANSACTION | |
| control field | 20260309143220.0 |
| 007 - PHYSICAL DESCRIPTION FIXED FIELD--GENERAL INFORMATION | |
| fixed length control field | ta |
| 008 - FIXED-LENGTH DATA ELEMENTS--GENERAL INFORMATION | |
| fixed length control field | 010516s1988 xo a b 000 j slo |
| 020 ## - INTERNATIONAL STANDARD BOOK NUMBER | |
| Qualifying information | (Váz.) |
| 040 ## - CATALOGING SOURCE | |
| Original cataloging agency | ABA001 |
| Language of cataloging | cze |
| Transcribing agency | ABA001 |
| Modifying agency | ABA001 |
| 041 1# - LANGUAGE CODE | |
| Language code of text/sound track or separate title | slo |
| Language code of original | cze |
| 072 #7 - SUBJECT CATEGORY CODE | |
| Subject category code | 821.162.3-3 |
| Subject category code subdivision | Česká próza |
| Source | Konspekt |
| 072 #7 - SUBJECT CATEGORY CODE | |
| Subject category code | 821-93 |
| Subject category code subdivision | Literatura pro děti a mládež (beletrie) |
| Source | Konspekt |
| 080 ## - UNIVERSAL DECIMAL CLASSIFICATION NUMBER | |
| Universal Decimal Classification number | 821-93 |
| Edition identifier | MRF |
| 080 ## - UNIVERSAL DECIMAL CLASSIFICATION NUMBER | |
| Universal Decimal Classification number | 821.162.3-32 |
| Edition identifier | MRF |
| 080 ## - UNIVERSAL DECIMAL CLASSIFICATION NUMBER | |
| Universal Decimal Classification number | (0:82-321.9) |
| Edition identifier | MRF |
| 100 1# - MAIN ENTRY--PERSONAL NAME | |
| Personal name | Hofman, Ota, |
| Dates associated with a name | 1928-1989 |
| Relationship | aut |
| 245 10 - TITLE STATEMENT | |
| Title | Návštevníci / |
| Statement of responsibility, etc. | Ota Hofman ; [preložila Jana Hevešová ; ilustr. Matej Krén] |
| 250 ## - EDITION STATEMENT | |
| Edition statement | 1. vyd. |
| 260 ## - PUBLICATION, DISTRIBUTION, ETC. | |
| Place of publication, distribution, etc. | Bratislava : |
| Name of publisher, distributor, etc. | Pravda, |
| Date of publication, distribution, etc. | 1988 |
| 300 ## - PHYSICAL DESCRIPTION | |
| Extent | 165 s. : |
| Other physical details | il. ; |
| Dimensions | 25 cm |
| 490 1# - SERIES STATEMENT | |
| Series statement | Členská knižnica Pravda |
| 500 ## - GENERAL NOTE | |
| General note | Přeloženo z češtiny |
| 655 #7 - INDEX TERM--GENRE/FORM | |
| Genre/form data or focus term | české příběhy |
| Source of term | czenas |
| 655 #7 - INDEX TERM--GENRE/FORM | |
| Genre/form data or focus term | vědecko-fantastické příběhy |
| Source of term | czenas |
| 655 #7 - INDEX TERM--GENRE/FORM | |
| Genre/form data or focus term | publikace pro mládež |
| Source of term | czenas |
| 765 0# - ORIGINAL LANGUAGE ENTRY | |
| Title | Návštěvníci |
| 830 #0 - SERIES ADDED ENTRY--UNIFORM TITLE | |
| Uniform title | Členská knižnica Pravda |
| 910 ## - USER-OPTION DATA (OCLC) | |
| User-option data | ABA001 |
| 942 ## - ADDED ENTRY ELEMENTS (KOHA) | |
| Source of classification or shelving scheme | Dewey Decimal Classification |
| Koha item type | Krásna literatúra pre dospelých |
| Suppress in OPAC | No |
| Stav vyradenia | Strata | Poškodenie | Spôsob nadobudnutia | Domovská knižnica | Aktuálna knižnica | Dátum nadobudnutia | Total checkouts | Čiarový kód exemplára | Date last seen | Typ exemplára |
|---|---|---|---|---|---|---|---|---|---|---|
| Dar | Obecná knižnica Horná Štubňa | Obecná knižnica Horná Štubňa | 09.03.2026 | 4736201797 | 09.03.2026 | Krásna literatúra pre dospelých |
